[Event "Silkway Cup"]
[Site "T#646345FIDE"]
[Date "2020.05.28"]
[Round "13"]
[White "Moonlightbae"]
[Black "MammadyarovaZ"]
[Result "0-1"]
[WhiteElo "1526"]
[BlackElo "1921"]
[PlyCount "130"]
[EventDate "2020.05.28"]
[EventType "swiss (blitz)"]

1. d4 {[%emt 0:00:02]} d5 {[%emt 0:00:02]} 2. c4 {[%emt 0:00:01]} e6 {[%emt 0:00:01]} 3. Nf3 {[%emt 0:00:01]} Be7 {[%emt 0:00:02]} 4. Nc3 {[%emt 0:00:01]} Nf6 {[%emt 0:00:04]} 5. Bg5 {[%emt 0:00:01]} dxc4 {[%emt 0:00:02]} 6. e3 {[%emt 0:00:04]} O-O {[%emt 0:00:02]} 7. Bxc4 {[%emt 0:00:01]} a6 {[%emt 0:00:00]} 8. a4 {[%emt 0:00:02]} b6 {[%emt 0:00:01]} 9. O-O {[%emt 0:00:01]} Bb7 {[%emt 0:00:02]} 10. Qe2 {[%emt 0:00:01]} Nbd7 {[%emt 0:00:02]} 11. Rfd1 {[%emt 0:00:01]} Re8 {[%emt 0:00:17]} 12. Rac1 {[%emt 0:00:04]} Nf8 {[%emt 0:00:02]} 13. Ne5 {[%emt 0:00:02]} Ng6 {[%emt 0:00:06]} 14. Nxg6 {[%emt 0:00:03]} hxg6 {[%emt 0:00:01]} 15. h3 {[%emt 0:00:22]} Nd7 {[%emt 0:00:13]} 16. Bf4 {[%emt 0:00:05]} Bd6 {[%emt 0:00:02]} 17. Bxd6 {[%emt 0:00:08]} cxd6 {[%emt 0:00:00]} 18. d5 {[%emt 0:00:01]} e5 {[%emt 0:00:12]} 19. Ne4 {[%emt 0:00:04]} Nc5 {[%emt 0:00:05]} 20. Nxc5 {[%emt 0:00:05]} bxc5 {[%emt 0:00:11]} 21. Rb1 {[%emt 0:00:05]} Re7 {[%emt 0:00:07]} 22. b4 {[%emt 0:00:04]} cxb4 {[%emt 0:00:01]} 23. Rxb4 {[%emt 0:00:02]} a5 {[%emt 0:00:17]} 24. Rb2 {[%emt 0:00:04]} Bc8 {[%emt 0:00:03]} 25. Rdb1 {[%emt 0:00:10]} Rc7 {[%emt 0:00:04]} 26. Bb5 {[%emt 0:00:06]} Bf5 {[%emt 0:00:04]} 27. e4 {[%emt 0:00:03]} Bd7 {[%emt 0:00:04]} 28. h4 {[%emt 0:00:16]} Qxh4 {[%emt 0:00:10]} 29. Bxd7 {[%emt 0:00:16]} Rxd7 {[%emt 0:00:00]} 30. Qb5 {[%emt 0:00:01]} Rdd8 {[%emt 0:00:14]} 31. Qd3 {[%emt 0:00:18]} Rdc8 {[%emt 0:00:10]} 32. Rb7 {[%emt 0:00:04]} Qd8 {[%emt 0:00:06]} 33. Qb5 {[%emt 0:00:17]} Rc5 {[%emt 0:00:19]} 34. Qd7 {[%emt 0:00:18]} Qxd7 {[%emt 0:00:06]} 35. Rxd7 {[%emt 0:00:02]} Rc4 {[%emt 0:00:02]} 36. Rbb7 {[%emt 0:00:06]} Rf8 {[%emt 0:00:04]} 37. Rxd6 {[%emt 0:00:09]} Rxe4 {[%emt 0:00:02]} 38. Ra6 {[%emt 0:00:03]} Rxa4 {[%emt 0:00:01]} 39. d6 {[%emt 0:00:01]} Rd4 {[%emt 0:00:05]} 40. d7 {[%emt 0:00:08]} a4 {[%emt 0:00:03]} 41. Rba7 {[%emt 0:00:14]} Rd8 {[%emt 0:00:05]} 42. Rxa4 {[%emt 0:00:10]} Rxa4 {[%emt 0:00:03]} 43. Rxa4 {[%emt 0:00:01]} Rxd7 {[%emt 0:00:00]} 44. Ra8+ {[%emt 0:00:05]} Kh7 {[%emt 0:00:02]} 45. Re8 {[%emt 0:00:01]} Rd5 {[%emt 0:00:06]} 46. Kf1 {[%emt 0:00:03]} f5 {[%emt 0:00:01]} 47. Ke2 {[%emt 0:00:01]} Kh6 {[%emt 0:00:04]} 48. Kf3 {[%emt 0:00:07]} Kg5 {[%emt 0:00:03]} 49. Ke3 {[%emt 0:00:01]} Ra5 {[%emt 0:00:02]} 50. Re7 {[%emt 0:00:05]} Kf6 {[%emt 0:00:02]} 51. Rb7 {[%emt 0:00:01]} Ra3+ {[%emt 0:00:02]} 52. Ke2 {[%emt 0:00:01]} f4 {[%emt 0:00:05]} 53. Rb6+ {[%emt 0:00:02]} Kf5 {[%emt 0:00:02]} 54. Rb7 {[%emt 0:00:01]} Ra2+ {[%emt 0:00:03]} 55. Ke1 {[%emt 0:00:07]} Ra1+ {[%emt 0:00:05]} 56. Ke2 {[%emt 0:00:01]} g5 {[%emt 0:00:06]} 57. Rxg7 {[%emt 0:00:02]} Ra2+ {[%emt 0:00:02]} 58. Ke1 {[%emt 0:00:02]} g4 {[%emt 0:00:03]} 59. Rf7+ {[%emt 0:00:04]} Ke4 {[%emt 0:00:01]} 60. Rb7 {[%emt 0:00:03]} g3 {[%emt 0:00:04]} 61. Rb4+ {[%emt 0:00:02]} Kf5 {[%emt 0:00:05]} 62. fxg3 {[%emt 0:00:02]} fxg3 {[%emt 0:00:02]} 63. Kf1 {[%emt 0:00:01]} Rf2+ {[%emt 0:00:01]} 64. Kg1 {[%emt 0:00:01]} Rd2 {[%emt 0:00:02]} 65. Rb3 {[%emt 0:00:02]} Rd1# {[%emt 0:00:02] (Lag: Av=0.40s, max=0.6s)} 0-1

[Event "Silkway Cup"]
[Site "T#646345FIDE"]
[Date "2020.05.28"]
[Round "13"]
[White "AbdullaKh"]
[Black "elene tsotsonava"]
[Result "1-0"]
[WhiteElo "1464"]
[BlackElo "1680"]
[Annotator "NA"]
[PlyCount "103"]
[EventDate "2020.05.28"]
[EventType "swiss (blitz)"]

1. e4 {[%emt 0:00:02]} c5 {[%emt 0:00:01]} 2. Nf3 {[%emt 0:00:01]} e6 {[%emt 0:00:00]} 3. d4 {[%emt 0:00:02]} cxd4 {[%emt 0:00:00]} 4. Nxd4 {[%emt 0:00:01]} Nc6 {[%emt 0:00:00]} 5. Nc3 {[%emt 0:00:03]} Qc7 {[%emt 0:00:01]} 6. Nxc6 {[%emt 0:00:10]} bxc6 {[%emt 0:00:00]} 7. Bd3 {[%emt 0:00:01]} Nf6 {[%emt 0:00:03]} 8. Qe2 {[%emt 0:00:02]} d5 {[%emt 0:00:08]} 9. e5 {[%emt 0:00:04]} Nd7 {[%emt 0:00:02]} 10. Bf4 {[%emt 0:00:03]} Be7 {[%emt 0:00:06]} 11. O-O {[%emt 0:00:06]} Kf8 {[%emt 0:00:08]} 12. Na4 {[%emt 0:00:04]} g6 {[%emt 0:00:27]} 13. c4 {[%emt 0:00:06]} Kg7 {[%emt 0:00:02]} 14. cxd5 {[%emt 0:00:06]} cxd5 {[%emt 0:00:00]} 15. Rac1 {[%emt 0:00:01]} Qa5 {[%emt 0:00:08]} 16. b3 {[%emt 0:00:01]} Nb6 {[%emt 0:00:21]} 17. Bd2 {[%emt 0:00:06]} Bb4 {[%emt 0:00:03]} 18. Rc5 {[%emt 0:00:05]} Qxa4 {[%emt 0:00:22]} 19. bxa4 {[%emt 0:00:02]} Bxc5 {[%emt 0:00:01]} 20. Be3 {[%emt 0:00:14]} d4 {[%emt 0:00:35]} 21. Bg5 {[%emt 0:00:02]} Re8 {[%emt 0:00:07]} 22. Qf3 {[%emt 0:00:12]} Bd7 {[%emt 0:00:23]} 23. Rc1 {[%emt 0:00:16]} Bf8 {[%emt 0:00:11]} 24. a5 {[%emt 0:00:14]} Nd5 {[%emt 0:00:05]} 25. Be4 {[%emt 0:00:06]} Rac8 {[%emt 0:00:06]} 26. Rxc8 {[%emt 0:00:04]} Rxc8 {[%emt 0:00:00]} 27. Bxd5 {[%emt 0:00:09]} exd5 {[%emt 0:00:12]} 28. Qxd5 {[%emt 0:00:04]} Be6 {[%emt 0:00:01]} 29. Qxd4 {[%emt 0:00:06]} h6 {[%emt 0:00:01]} 30. Bf6+ {[%emt 0:00:01]} Kg8 {[%emt 0:00:00]} 31. h4 {[%emt 0:00:02]} Bc5 {[%emt 0:00:09]} 32. Qd2 {[%emt 0:00:07]} Kh7 {[%emt 0:00:02]} 33. h5 {[%emt 0:00:04]} g5 {[%emt 0:00:07]} 34. Kh2 {[%emt 0:00:11]} Bf5 {[%emt 0:00:07]} 35. f4 {[%emt 0:00:08]} Bf8 {[%emt 0:00:10]} 36. fxg5 {[%emt 0:00:12]} Rc2 {[%emt 0:00:01]} 37. Qf4 {[%emt 0:00:01]} Be6 {[%emt 0:00:04]} 38. g6+ {[%emt 0:00:09]} fxg6 {[%emt 0:00:01]} 39. hxg6+ {[%emt 0:00:02]} Kxg6 {[%emt 0:00:01]} 40. Qg3+ {[%emt 0:00:02]} Kf7 {[%emt 0:00:01]} 41. Qd3 {[%emt 0:00:07]} Rxa2 {[%emt 0:00:03]} 42. Qh7+ {[%emt 0:00:05]} Ke8 {[%emt 0:00:00]} 43. Qxa7 {[%emt 0:00:03]} Bd5 {[%emt 0:00:01]} 44. Qb8+ {[%emt 0:00:06]} Kf7 {[%emt 0:00:01]} 45. Kh3 {[%emt 0:00:26]} Bxg2+ {[%emt 0:00:03]} 46. Kg3 {[%emt 0:00:03]} Bd5 {[%emt 0:00:01]} 47. Qc7+ {[%emt 0:00:03]} Kg6 {[%emt 0:00:01]} 48. Qd8 {[%emt 0:00:03]} Bc5 {[%emt 0:00:05]} 49. Qe8+ {[%emt 0:00:04]} Bf7 {[%emt 0:00:02]} 50. Qc6 {[%emt 0:00:01]} Rxa5 {[%emt 0:00:02]} 51. Qe4+ {[%emt 0:00:01]} Kh5 {[%emt 0:00:01]} 52. Qg4# {[%emt 0:00:01] (Lag: Av=0.72s, max=1.1s)} 1-0

[Event "Silkway Cup"]
[Site "T#646345FIDE"]
[Date "2020.05.28"]
[Round "14"]
[White "GGuseinov"]
[Black "Shak"]
[Result "1/2-1/2"]
[WhiteElo "2847"]
[BlackElo "2287"]
[Annotator "TA"]
[PlyCount "96"]
[EventDate "2020.05.28"]
[EventType "swiss (blitz)"]

{[%evp 16,96,23,8,17,19,13,0,19,12,19,0,0,0,0,0,43,0,42,41,34,0,0,-70,-39,-79,-29,-36,-23,-69,13,5,10,0,7,-61,-66,-58,-63,-74,-63,-80,-68,-75,-89,-85,-75,-104,-108,-127,-78,-66,0,-109,-123,-131,-137,-142,-156,-207,-195,-206,-163,-164,-164,-147,-115,-119,-110,-121,0,0,0,0,0,0,0,0,0,0,0,0,0]} 1. e4 e5 2. Nf3 Nc6 3. Bb5 g6 4. d4 exd4 5. Bg5 Be7 6. Bxe7 Qxe7 7. Bxc6 dxc6 8. Qxd4 Nf6 9. Nc3 Bg4 {C60: Ruy Lopez: Unusual Black 3rd moves and 3...g6.} 10. O-O-O {Hoping for e5.} Bxf3 11. gxf3 O-O 12. Qe3 a5 13. h4 Nh5 {[#]} 14. Ne2 $146 ({Predecessor:} 14. f4 Qf6 15. Ne2 a4 16. e5 Qe6 17. Kb1 Rfd8 18. Ng3 Rxd1+ 19. Rxd1 Qg4 20. Kc1 Qxh4 21. Nxh5 Qxh5 {1-0 (33) Pozun,M (2102)-Mihelic,V (1650) Otocec 2017}) 14... a4 15. a3 Ra5 16. Ng3 Rd8 17. Rxd8+ Qxd8 18. Qc3 Rb5 19. Kb1 (19. Ne2 $11) 19... Qd6 (19... Nf4 {is interesting.} 20. h5 Nxh5 21. Nxh5 Rxh5 22. Rxh5 gxh5 23. Qe5 h4) 20. Rg1 Qe5 (20... Nf4 {looks sharper.} 21. Rh1 h5 22. Kc1 Rc5 23. Qd2 Kg7) 21. Qxe5 Rxe5 $11 {[%mdl 4096] Endgame KRN-KRN} 22. Rd1 Kf8 (22... Nf4 $15) 23. Rd8+ Ke7 24. Rb8 (24. Rh8 {feels hotter.} Nxg3 25. fxg3 h5 26. Kc1 f5 27. exf5 Rxf5 28. g4) 24... b5 25. b3 ({White should try} 25. Rc8 $11) 25... Nf4 $15 26. bxa4 bxa4 27. Ra8 h5 28. Rxa4 Ng2 $1 29. f4 Nxf4 30. Rc4 Kd7 31. Rd4+ Kc8 32. Rc4 Kb7 33. Rd4 Kc8 34. Rc4 $1 c5 35. Rc3 Ng2 $1 36. Rf3 {[#]} Re7 $1 ({Don't take} 36... Nxh4 37. Rxf7 Ng2 38. f3 $17) 37. Rc3 (37. Rf6 $17 {is a better defense.}) 37... Nxh4 $19 38. Rxc5 Nf3 39. Rc3 Ng5 40. Re3 h4 41. f4 {[#]} Nh7 $1 ({Reject} 41... hxg3 $6 42. fxg5 g2 43. Rg3 $11) 42. Ne2 Nf6 ({Better is} 42... g5 $17 43. Kc1 Re6) 43. e5 $1 $11 {The position is equal.} Nd5 44. Rh3 {[#]} g5 $1 {[%mdl 512]} 45. fxg5 Rxe5 46. Nd4 $1 Rxg5 {And now ...c5 would win.} 47. Rxh4 Kb7 48. Kb2 Nb6 {Black had all chances to win. Accuracy: White = 78%, Black = 72%.} 1/2-1/2

[Event "Silkway Cup"]
[Site "T#646345FIDE"]
[Date "2020.05.28"]
[Round "14"]
[White "Durarbeyli Vasif"]
[Black "Ahmadzada"]
[Result "1-0"]
[WhiteElo "2678"]
[BlackElo "1980"]
[PlyCount "53"]
[EventDate "2020.05.28"]
[EventType "swiss (blitz)"]

1. e4 {[%emt 0:00:01]} e5 {[%emt 0:00:02]} 2. Nf3 {[%emt 0:00:01]} Nc6 {[%emt 0:00:01]} 3. Bb5 {[%emt 0:00:01]} Nf6 {[%emt 0:00:01]} 4. d3 {[%emt 0:00:02]} Bc5 {[%emt 0:00:02]} 5. Bxc6 {[%emt 0:00:02]} dxc6 {[%emt 0:00:00]} 6. O-O {[%emt 0:00:01]} Qe7 {[%emt 0:00:04]} 7. Nbd2 {[%emt 0:00:03]} Bg4 {[%emt 0:00:06]} 8. h3 {[%emt 0:00:01]} Bh5 {[%emt 0:00:01]} 9. Nc4 {[%emt 0:00:05]} O-O-O {[%emt 0:00:03]} 10. Bg5 {[%emt 0:00:17]} h6 {[%emt 0:00:13]} 11. Bxf6 {[%emt 0:00:01]} Qxf6 {[%emt 0:00:14]} 12. Ncxe5 {[%emt 0:00:39]} g5 {[%emt 0:00:29]} 13. g4 {[%emt 0:00:24]} Bg6 {[%emt 0:00:03]} 14. Qe2 {[%emt 0:00:13]} h5 {[%emt 0:00:03]} 15. Kg2 {[%emt 0:00:03]} Rh7 {[%emt 0:00:13]} 16. Rh1 {[%emt 0:00:02]} Rdh8 {[%emt 0:00:02]} 17. Nxg6 {[%emt 0:00:08]} Qxg6 {[%emt 0:00:09]} 18. Rag1 {[%emt 0:00:31]} Qf6 {[%emt 0:00:35]} 19. e5 {[%emt 0:00:07]} Qe7 {[%emt 0:00:40]} 20. Qe4 {[%emt 0:00:05]} f6 {[%emt 0:00:34]} 21. d4 {[%emt 0:00:08]} Bb6 {[%emt 0:00:03]} 22. Qf5+ {[%emt 0:00:04]} Kb8 {[%emt 0:00:01]} 23. exf6 {[%emt 0:00:04]} Qd6 {[%emt 0:00:01]} 24. Re1 {[%emt 0:00:11] .} Rh6 {[%emt 0:00:08]} 25. f7 {[%emt 0:00:08]} a5 {[%emt 0:00:01]} 26. Re8+ {[%emt 0:00:02]} Ka7 {[%emt 0:00:01]} 27. f8=Q {[%emt 0:00:04] Ahmadzada resigns (Lag: Av=0.53s, max=0.7s)} 1-0

[Event "Silkway Cup"]
[Site "T#646345FIDE"]
[Date "2020.05.28"]
[Round "14"]
[White "Kutiktau"]
[Black "gul91"]
[Result "1-0"]
[WhiteElo "2643"]
[BlackElo "2058"]
[Annotator "NA"]
[PlyCount "81"]
[EventDate "2020.05.28"]
[EventType "swiss (blitz)"]

1. Nf3 {[%emt 0:00:02]} g6 {[%emt 0:00:02]} 2. g3 {[%emt 0:00:04]} Bg7 {[%emt 0:00:01]} 3. Bg2 {[%emt 0:00:00]} d6 {[%emt 0:00:01]} 4. O-O {[%emt 0:00:01]} e5 {[%emt 0:00:00]} 5. c4 {[%emt 0:00:01]} f5 {[%emt 0:00:01]} 6. Nc3 {[%emt 0:00:01]} Nf6 {[%emt 0:00:01]} 7. d3 {[%emt 0:00:01]} Nc6 {[%emt 0:00:02]} 8. Rb1 {[%emt 0:00:01]} O-O {[%emt 0:00:02]} 9. b4 {[%emt 0:00:01]} Be6 {[%emt 0:00:09]} 10. b5 {[%emt 0:00:03]} Ne7 {[%emt 0:00:12]} 11. Ng5 {[%emt 0:00:01]} Bc8 {[%emt 0:00:01]} 12. Nf3 {[%emt 0:00:05]} Be6 {[%emt 0:00:03]} 13. c5 {[%emt 0:00:01]} Nfd5 {[%emt 0:00:05]} 14. Nxd5 {[%emt 0:00:07]} Bxd5 {[%emt 0:00:03]} 15. cxd6 {[%emt 0:00:02]} cxd6 {[%emt 0:00:07]} 16. a4 {[%emt 0:00:03]} h6 {[%emt 0:00:07]} 17. Ba3 {[%emt 0:00:02]} g5 {[%emt 0:00:02]} 18. Qd2 {[%emt 0:00:11]} f4 {[%emt 0:00:13]} 19. Qb4 {[%emt 0:00:02]} g4 {[%emt 0:00:11]} 20. Nh4 {[%emt 0:00:03]} Bxg2 {[%emt 0:00:01]} 21. Kxg2 {[%emt 0:00:09]} Rf6 {[%emt 0:00:09]} 22. d4 {[%emt 0:00:45]} Ng6 {[%emt 0:00:14]} 23. Qb3+ {[%emt 0:00:17]} Kh8 {[%emt 0:00:08]} 24. Nxg6+ {[%emt 0:00:01]} Rxg6 {[%emt 0:00:02]} 25. dxe5 {[%emt 0:00:04]} dxe5 {[%emt 0:00:06]} 26. Rfd1 {[%emt 0:00:09]} Qg5 {[%emt 0:00:03]} 27. Qd5 {[%emt 0:00:07]} Qh5 {[%emt 0:00:31]} 28. Qxb7 {[%emt 0:00:01]} Rg8 {[%emt 0:00:02]} 29. Kg1 {[%emt 0:00:11]} f3 {[%emt 0:00:04]} 30. exf3 {[%emt 0:00:01]} gxf3 {[%emt 0:00:01]} 31. Rb3 {[%emt 0:00:03]} Rf6 {[%emt 0:00:11]} 32. Rdd3 {[%emt 0:00:04]} e4 {[%emt 0:00:04]} 33. Qxe4 {[%emt 0:00:08]} Re8 {[%emt 0:00:02]} 34. Qb4 {[%emt 0:00:01]} Rf4 {[%emt 0:00:27]} 35. Qd2 {[%emt 0:00:12]} Rfe4 {[%emt 0:00:13]} 36. Rxf3 {[%emt 0:00:06]} Qh3 {[%emt 0:00:17]} 37. Rbe3 {[%emt 0:00:07]} Rxe3 {[%emt 0:00:03]} 38. Rxe3 {[%emt 0:00:03]} Rc8 {[%emt 0:00:01]} 39. Bb2 {[%emt 0:00:03]} Qg4 {[%emt 0:00:02]} 40. Re7 {[%emt 0:00:05]} Rg8 {[%emt 0:00:05]} 41. Qxh6# {[%emt 0:00:04] (Lag: Av=0.99s, max=1.9s)} 1-0

[Event "Silkway Cup"]
[Site "T#646345FIDE"]
[Date "2020.05.28"]
[Round "14"]
[White "EXpresident"]
[Black "AbasovN"]
[Result "1/2-1/2"]
[WhiteElo "2619"]
[BlackElo "2609"]
[Annotator "TA"]
[PlyCount "70"]
[EventDate "2020.05.28"]
[EventType "swiss (blitz)"]

{[%evp 12,70,22,18,29,22,25,0,27,21,22,10,18,0,22,0,14,0,0,20,31,0,54,54,54,54,78,89,112,115,105,102,250,74,67,54,77,61,73,62,68,68,69,22,56,58,74,78,115,83,85,85,78,53,77,0,76,0,76,0,72]} 1. e4 c5 2. Nf3 Nc6 3. Bb5 g6 4. Bxc6 dxc6 5. h3 Bg7 6. d3 Nf6 7. Nc3 Nd7 $1 {[%mdl 4] is now more promising than 7...0-0. B31: Sicilian: 2...Nc6 3 Bb5 g6.} 8. Be3 e5 9. a4 a5 10. O-O b6 {[#]} 11. Qc1 $5 $146 {[%mdl 8] An interesting novelty.} ({Predecessor:} 11. Nh2 Nf8 12. Qd2 Ne6 13. Bh6 Bf6 14. Ng4 g5 15. g3 Rg8 16. Nd1 Nd4 17. Kg2 Bxg4 18. hxg4 {½-½ (46) Fedoseev,V (2680)-Mamedov,R (2650) Poikovsky 2019}) 11... h6 12. Nd2 Nf8 13. Nc4 $36 {[%mdl 2048] White has some pressure.} Ne6 14. Ne2 Ba6 15. b3 {[%cal Bb2b3,Bb3c4][%mdl 32]} Qc7 16. Rb1 Rd8 (16... b5 $1 $11 17. Nd2 O-O) 17. f4 $14 exf4 $1 18. Nxf4 Bxc4 19. bxc4 Rd6 20. Nxe6 Rxe6 21. Rb3 Bf6 {[#]} (21... h5 $16) 22. Qb1 $2 (22. Bxh6 Bd4+ 23. Be3 {[#]} Rxh3 $1 $19 {[%mdl 512]}) (22. Rxf6 $1 $18 {[%mdl 512] and White stays clearly on top.} Rxf6 23. Qb2) 22... Bd8 $16 23. Qb2 Rh7 24. Qc1 f6 25. Rb1 h5 26. Bf4 Qd7 27. Qe1 Qd4+ 28. Kh1 Ra7 29. Qg3 Kf7 30. Rf2 Kg7 31. Rbf1 Rf7 32. Bc1 Bc7 33. Bf4 (33. Qh4 $5 {[%cal Rg2g4]}) 33... Bd8 $1 34. Bc1 Bc7 35. Bf4 (35. Qh4 $5 {[%cal Rg2g4]}) 35... Bd8 {Accuracy: White = 70%, Black = 77%.} 1/2-1/2

[Event "Silkway Cup"]
[Site "T#646345FIDE"]
[Date "2020.05.28"]
[Round "14"]
[White "Massapi"]
[Black "Maghala77"]
[Result "1/2-1/2"]
[WhiteElo "2506"]
[BlackElo "2300"]
[Annotator "NA"]
[PlyCount "139"]
[EventDate "2020.05.28"]
[EventType "swiss (blitz)"]

1. d4 {[%emt 0:00:02]} d5 {[%emt 0:00:01]} 2. c4 {[%emt 0:00:01]} e6 {[%emt 0:00:01]} 3. Nf3 {[%emt 0:00:01]} Nf6 {[%emt 0:00:01]} 4. g3 {[%emt 0:00:01]} Be7 {[%emt 0:00:02]} 5. Bg2 {[%emt 0:00:01]} O-O {[%emt 0:00:00]} 6. O-O {[%emt 0:00:01]} dxc4 {[%emt 0:00:01]} 7. Qa4 {[%emt 0:00:04]} a6 {[%emt 0:00:04]} 8. Qxc4 {[%emt 0:00:01]} b5 {[%emt 0:00:00]} 9. Qc2 {[%emt 0:00:01]} Bb7 {[%emt 0:00:00]} 10. Bd2 {[%emt 0:00:03]} Be4 {[%emt 0:00:01]} 11. Qc1 {[%emt 0:00:03]} Bb7 {[%emt 0:00:00]} 12. Rd1 {[%emt 0:00:04]} Qc8 {[%emt 0:00:04]} 13. Be3 {[%emt 0:00:20]} Nbd7 {[%emt 0:00:05]} 14. Nbd2 {[%emt 0:00:43]} c5 {[%emt 0:00:06]} 15. dxc5 {[%emt 0:00:07]} Nxc5 {[%emt 0:00:03]} 16. Nb3 {[%emt 0:00:46]} Nxb3 {[%emt 0:00:05]} 17. axb3 {[%emt 0:00:00]} Bd5 {[%emt 0:00:43]} 18. Qxc8 {[%emt 0:00:19]} Rfxc8 {[%emt 0:00:02]} 19. Nd4 {[%emt 0:00:00]} Bxg2 {[%emt 0:00:05]} 20. Kxg2 {[%emt 0:00:01]} Nd5 {[%emt 0:00:00]} 21. Rdc1 {[%emt 0:00:14]} Nb4 {[%emt 0:01:38]} 22. Bd2 {[%emt 0:00:18]} Rxc1 {[%emt 0:00:05]} 23. Rxc1 {[%emt 0:00:05]} Bf6 {[%emt 0:00:04]} 24. Nxb5 {[%emt 0:00:18] Massapi offers a draw} Na2 {[%emt 0:00:08]} 25. Nc7 {[%emt 0:00:06]} Nxc1 {[%emt 0:00:03]} 26. Nxa8 {[%emt 0:00:02]} Nxb3 {[%emt 0:00:05]} 27. Bc3 {[%emt 0:00:03]} Bxc3 {[%emt 0:00:04]} 28. bxc3 {[%emt 0:00:00]} a5 {[%emt 0:00:02]} 29. Nb6 {[%emt 0:00:01]} Nc5 {[%emt 0:00:07]} 30. Kf3 {[%emt 0:00:01]} a4 {[%emt 0:00:04]} 31. Nc4 {[%emt 0:00:01]} Kf8 {[%emt 0:00:01]} 32. Ke3 {[%emt 0:00:01]} Ke7 {[%emt 0:00:02]} 33. Kd4 {[%emt 0:00:03]} Nb3+ {[%emt 0:00:01]} 34. Kd3 {[%emt 0:00:01]} f6 {[%emt 0:00:06]} 35. Kc2 {[%emt 0:00:01]} Nc5 {[%emt 0:00:03]} 36. Kb2 {[%emt 0:00:02]} e5 {[%emt 0:00:03]} 37. Ka3 {[%emt 0:00:01]} Ne4 {[%emt 0:00:02]} 38. Kb4 {[%emt 0:00:04]} Nxf2 {[%emt 0:00:02]} 39. Kxa4 {[%emt 0:00:01]} Ng4 {[%emt 0:00:01]} 40. h3 {[%emt 0:00:01]} Nf2 {[%emt 0:00:01]} 41. h4 {[%emt 0:00:01]} Ne4 {[%emt 0:00:02]} 42. Kb4 {[%emt 0:00:05]} Nxg3 {[%emt 0:00:01]} 43. e3 {[%emt 0:00:02]} h5 {[%emt 0:00:01]} 44. Nd2 {[%emt 0:00:03]} Nf5 {[%emt 0:00:01]} 45. c4 {[%emt 0:00:01]} Nxe3 {[%emt 0:00:02]} 46. c5 {[%emt 0:00:01]} Kd7 {[%emt 0:00:02]} 47. Kb5 {[%emt 0:00:01]} Kc7 {[%emt 0:00:01]} 48. Ne4 {[%emt 0:00:02]} Nf5 {[%emt 0:00:02]} 49. Nc3 {[%emt 0:00:03]} Nd4+ {[%emt 0:00:03]} 50. Kc4 {[%emt 0:00:02]} Kc6 {[%emt 0:00:07]} 51. Nd5 {[%emt 0:00:03]} Ne6 {[%emt 0:00:03]} 52. Nb4+ {[%emt 0:00:03]} Kd7 {[%emt 0:00:01]} 53. Kb5 {[%emt 0:00:02]} Nd4+ {[%emt 0:00:03]} 54. Kb6 {[%emt 0:00:02]} g5 {[%emt 0:00:02]} 55. hxg5 {[%emt 0:00:08]} fxg5 {[%emt 0:00:01]} 56. c6+ {[%emt 0:00:08]} Nxc6 {[%emt 0:00:01]} 57. Nxc6 {[%emt 0:00:00]} Ke6 {[%emt 0:00:02]} 58. Kc5 {[%emt 0:00:01]} h4 {[%emt 0:00:01]} 59. Nb4 {[%emt 0:00:00]} h3 {[%emt 0:00:01]} 60. Nd3 {[%emt 0:00:00]} e4 {[%emt 0:00:06]} 61. Nf2 {[%emt 0:00:01]} h2 {[%emt 0:00:06]} 62. Kd4 {[%emt 0:00:03]} g4 {[%emt 0:00:06]} 63. Nh1 {[%emt 0:00:05]} Kf5 {[%emt 0:00:02]} 64. Ke3 {[%emt 0:00:01]} Kg5 {[%emt 0:00:01]} 65. Kxe4 {[%emt 0:00:01]} Kh4 {[%emt 0:00:01]} 66. Ke3 {[%emt 0:00:06]} Kh3 {[%emt 0:00:01]} 67. Kf2 {[%emt 0:00:01]} Kh4 {[%emt 0:00:01]} 68. Kg2 {[%emt 0:00:01]} g3 {[%emt 0:00:02]} 69. Nxg3 {[%emt 0:00:01]} h1=Q+ {[%emt 0:00:00]} 70. Nxh1 {[%emt 0:00:01] (Lag: Av=0.44s, max=2.2s)} 1/2-1/2